[Event "Magistral de León"]
[Site "Leon"]
[Date "2017.07.09"]
[Round "4.1"]
[White "Anand, Viswanathan"]
[Black "So, Wesley"]
[Result "1/2-1/2"]
[WhiteElo "2783"]
[BlackElo "2010"]
[Annotator "Estremera,Sergio"]
[PlyCount "133"]
[EventDate "2017.07.09"]
[EventType "tourn"]
[EventRounds "4"]
[EventCountry "ESP"]
[SourceDate "2017.07.09"]

1. e4 e5 2. Nf3 Nf6 {So abandona la francesa  por la solídisima Defensa
Petrov} 3. Nxe5 d6 4. Nf3 Nxe4 5. Nc3 Nxc3 6. dxc3 Be7 7. Be3 Nd7 (7... Nc6 8.
Qd2 Be6 9. O-O-O Qd7 {para enrocar largo tiene fama de ser una opción más
sólida}) 8. Bd3 {una jugada muy poco habitual} ({el plan normal es} 8. Qd2
O-O 9. O-O-O) 8... O-O 9. Qe2 $5 {la justificación del desarrollo de alfil
a d3: desde e2 la î B blanca tiene acceso  rápidamente al flanco dee rey} Re8
(9... Nc5 10. Bxc5 dxc5 11. O-O-O Bd6 {se vió en las partida: 0-1 (53)
Mamedov,R (2660)-Gelfand,B (2741) Moscú 2010}) 10. O-O-O Bf6 11. h4 {para
instalar una pieza en g5} Nf8 12. Ng5 {En general estas posiciones son muy
peligrosas para las negras que tienen que defenderse con mucha precisión
para no caer bajo el fuego de las piezas blancas. Pero por lo visto en este
torneo a So le gusta provocar a sus rivales confiando en salir indemne gracias
en su gran capacidad de cálculo} d5 13. Qh5 g6 14. Qf3 h5 15. Qg3 Bg4 16. Rde1
{con la amenaza f3 las blancas disfrutan ya de una importante ventaja} c6 $6 ({
es mejor} 16... Qd7 17. f3 Be6 $5 (17... Bf5 18. Bxf5 Qxf5 19. Qxc7 $16) {y si}
18. Qf2 Bf5) 17. f3 Bd7 18. Qf2 {las blancas jugarán g4 que inicia un
peligroso ataque} Qa5 19. Kb1 Re7 20. g4 $6 ({Es muy fuerte la jugada que
propone el módulo} 20. Reg1 $3 $16 {y si} Rae8 21. Bc5 $18) 20... Rae8 21.
Bd2 Qb6 22. Qxb6 {Anand quiere jugar el desempate a rápidas :-)} Rxe1+ 23.
Bxe1 axb6 24. gxh5 gxh5 25. Bf2 (25. Rg1 Bg7 $1 {[%cal Yf7f6]}) 25... c5 26. c4
dxc4 27. Ne4 Be7 28. Bxc4 Ng6 29. Bd5 Bc6 30. c4 $6 (30. Bxc6 bxc6 31. a4 Ne5
32. Ng3 Nxf3 33. Nxh5 $11) 30... Rd8 (30... Bxd5 31. cxd5 Rd8 32. Nc3 Bf6 33.
Ne4 Be5 34. Rd1 f5 35. Nc3 Kf7 $15) 31. Bxc6 bxc6 32. Kc2 Ne5 $1 {las negras
consiguen activar su î .. con ganancia de tiempo gracias a este doble ataque}
33. Nd2 Nd3 $1 34. Be3 f5 $1 $17 {[%cal Yf5f4] amenaza f4} 35. Rg1+ Kf7 36. Bg5
Nb4+ 37. Kd1 (37. Kc3 $4 Rd3#) 37... Nxa2 (37... Rd4 $1 38. Bxe7 Kxe7 39. Rg5
Rxh4 40. Rxf5 Nxa2 $17 {[%csl Gh5]}) 38. Bxe7 Kxe7 39. Rg5 Kf6 40. Rxh5 Nb4 41.
b3 $2 {dejando una autopista al rey negro} (41. Rh7 Ke5 42. h5 {ofrecía
mucha resistencia}) 41... Ke5 $1 42. Rh7 Kd4 $1 $19 43. Re7 Rh8 $2 (43... Kd3
$1 44. f4 Ra8 45. Rd7+ Ke3 $19) 44. f4 Kd3 45. Nf3 Nc2 46. Re2 {Anand se está
escapando otra vez} Nd4 47. Ne5+ Kc3 48. Re3+ Kb4 49. Rh3 Rh5 50. Kc1 Nxb3+ 51.
Kb2 Nd4 52. Rc3 $1 b5 $1 (52... Rxh4 53. Nd3+ Ka4 54. Ra3#) 53. cxb5 cxb5 54.
Nd3+ Ka5 55. Rxc5 Rxh4 56. Rd5 Rh2+ 57. Kb1 Rh1+ 58. Kb2 Rh2+ 59. Kb1 Ne2 60.
Rxf5 Nc3+ 61. Kc1 Ka4 62. Re5 (62. Rf8 b4 63. Nxb4) 62... Kb3 63. Nc5+ Kc4 64.
Ne4 Ne2+ 65. Kd1 Nd4 66. Nd2+ Rxd2+ (66... Kd3 67. Re3+ $1 Kxe3 68. Nf1+ Kd3
69. Nxh2 b4 70. Ng4 b3 71. Kc1 Kc3 72. Nf2 $11) 67. Kxd2 1/2-1/2